All Formula One Team Principals Since 2000 - Statistics

General Stats
  • This quiz has been taken 10 times
  • The average score is 44 of 88
Answer Stats
Team Year(s) Team Principal % Correct
Ferrari 1993 - 2007 Jean Todt
100%
Mercedes 2014 - Toto Wolff
100%
Red Bull 2005 - 2025 Christian Horner
89%
Williams 1977 - 2020 Frank Williams
89%
Alfa Romeo 2019 - 2022 Frédéric Vasseur
89%
Ferrari 2023 - Frédéric Vasseur
89%
Renault 2016 Frédéric Vasseur
89%
Sauber 2017 - 2018 Frédéric Vasseur
89%
Haas 2016 - 2023 Guenther Steiner
89%
Ferrari 2019 - 2022 Mattia Binotto
89%
Brawn 2009 Ross Brawn
89%
Honda 2008 Ross Brawn
89%
Mercedes 2010 - 2013 Ross Brawn
89%
Aston Martin 2026 - Adrian Newey
78%
McLaren 2023 - Andrea Stella
78%
Alpine 2025 - Flavio Briatore
78%
Benetton 2000 - 2001 Flavio Briatore
78%
Renault 2002 - 2009 Flavio Briatore
78%
McLaren 1981 - 2008 Ron Dennis
78%
Prost 1997 - 2001 Alain Prost
67%
Haas 2024 - Ayao Komatsu
67%
Alpha Tauri 2020 - 2023 Franz Tost
67%
Toro Rosso 2006 - 2019 Franz Tost
67%
Racing Bulls 2024 - 2025 Laurent Mekies
67%
Red Bull 2025 - Laurent Mekies
67%
Ferrari 2015 - 2018 Maurizio Arrivabene
67%
Sauber 1993 - 2005,2010 - 2012 Peter Sauber
67%
Ferrari 2008 - 2014 Stefano Domenicali
67%
Alfa Romeo 2023 Alessandro Alunni Bravi
56%
Sauber 2024 Alessandro Alunni Bravi
56%
Jordan 1991 - 2004 Eddie Jordan
56%
Lotus F1 Team 2012 - 2013 Éric Boullier
56%
McLaren 2014 - 2018 Éric Boullier
56%
Renault 2010 - 2011 Éric Boullier
56%
Williams 2021 - 2022 Jost Capito
56%
McLaren 2009 - 2013 Martin Whitmarsh
56%
Super Aguri 2006 - 2008 Aguri Suzuki
44%
McLaren 2019 - 2022 Andreas Seidl
44%
Aston Martin 2025 Andy Cowell
44%
Caterham 2013 - 2014 Cyril Abiteboul
44%
Renault 2017 - 2020 Cyril Abiteboul
44%
Minardi 2000 Giancarlo Minardi
44%
Williams 2023 - James Vowles
44%
Audi 2026 - Jonathan Wheatley
44%
Sauber 2025 Jonathan Wheatley
44%
BMW Sauber 2006 - 2009 Mario Theissen
44%
Aston Martin 2022 - 2024 Mike Krack
44%
Jaguar 2001 - 2002 Niki Lauda
44%
Alpine 2022 - 2023 Otmar Szafnauer
44%
Aston Martin 2021 Otmar Szafnauer
44%
Force India 2018 Otmar Szafnauer
44%
Racing Point 2019 - 2020 Otmar Szafnauer
44%
Arrows 1997 - 2002 Tom Walkinshaw
44%
Racing Bulls 2025 - Alan Permane
33%
Alpine 2023 - 2024 Bruno Famin
33%
Caterham 2014 Christijan Albers
33%
Force India 2008 Colin Kolles
33%
HRT 2010 - 2011 Colin Kolles
33%
Jordan 2005 Colin Kolles
33%
Midland 2006 Colin Kolles
33%
Spyker 2007 Colin Kolles
33%
BAR 2002 - 2004 David Richards
33%
Marussia 2012 - 2015 John Booth
33%
Virgin 2010 - 2011 John Booth
33%
Sauber 2012 - 2017 Monisha Kaltenborn
33%
BAR 2005 Nick Fry
33%
Honda 2006 - 2007 Nick Fry
33%
Alpine 2024 - 2025 Oliver Oakes
33%
Toyota 2002 - 2003 Ove Andersson
33%
Minardi 2001 - 2005 Paul Stoddart
33%
Force India 2009 - 2018 Vijay Mallya
33%
Renault 2009 Bob Bell
22%
Jaguar 2001 Bobby Rahal
22%
BAR 1998 - 2001 Craig Pollock
22%
Manor 2016 Dave Ryan
22%
HRT 2012 Luis Pérez-Sala
22%
Caterham 2014 Manfredi Ravetto
22%
Alpine 2021 Marcin Budkowski
22%
Ferrari 2014 Marco Mattiacci
22%
Lotus F1 Team 2014 - 2015 Matthew Carter
22%
Jaguar 2000 Neil Ressler
22%
Caterham 2012 Tony Fernandes
22%
Team Lotus 2010 - 2011 Tony Fernandes
22%
Jaguar 2003 - 2004 Tony Purnell
22%
Toyota 2004 - 2007 Tsutomu Tomita
22%
Cadillac 2026 - Graeme Lowden
11%
Williams 2020 - 2021 Simon Roberts
11%
Toyota 2008 - 2009 Tadashi Yamashima
11%
No matching quizzes found
Score Distribution
Percent of People with Each Score
Percentile by Number Answered
Your Score History
You have not taken this quiz